000 00630nam a2200217 i 4500
001 10534
003 ES-MaACL
005 20230906145915.0
007 t|
008 950824s1955 sp |||| | spa d
080 _a342.53(46)
100 1 _aAguirre Prado, Luis.
_918887
245 1 4 _aLas Cortes tradicionales /
_cpor Luis Aguirre Prado.
260 _aMadrid :
_bPublicaciones Españolas,
_c1955.
300 _a28 p. ;
_c24 cm.
490 1 _aTemas españoles ;
_v187
650 1 4 _aParlamentos-
_zEspaña.
_915840
830 0 _aTemas españoles ;
_v187
_9178712
852 _aES-MaACL
_jL-17827
999 _c10534
_d10534